Представление документа в формате MARC21

Поле Инд. ПП Название Значение
Тип записи a
Библиографический уровень a
001 Контрольный номер df6c8cb30fa54085ae2bcecea4d248d3
005 Дата корректировки 20220926082603.4
040 a Служба первич. каталог. НБ ТвГУ
b Код языка каталог. rus
e Правила каталог. PSBO
041 0_ a Код языка текста rus
097 b Оператор Komarova.ES
100 1_ a Автор Баринова Г. М.
245 10 a Заглавие Микроклимат и особенности возобновления смешанных лесов на территории Калининградской области
260 a Место издания Калинин
b Издательство Калининский государственный университет
504 a Библиография Библиогр.: с. 31 (7 назв.)
520 0_ a Аннотация Статья посвящена микроклимату и особенностям возобновления смешанных лесов на территории Калининградской области.
653 0_ a Ключевые слова Микроклимат
a Ключевые слова Калининград, город
a Ключевые слова Лес
a Ключевые слова Климатические условия
a Ключевые слова Смешанные леса
a Ключевые слова Экология
700 12 a Другие авторы Кученева Г. Г.
700 12 a Другие авторы Сухова А. А.
773 18 w Контрольный № источника RU/IS/BASE/448384713
t Название источника Флора и растительность южной тайги
d Место и дата издания Калинин : Калининский государственный университет, 1989
g Прочая информация С. 25-31
901 t Тип документа a
920 a Оператор Кома
954 b Дата поступления в ОК 20220926